Statistics for 120 Degree West Meridian Countries

Click here to take the quiz!

General Stats

  • This quiz has been taken 185 times
  • The average score is 18 of 20

Answer Stats

degrees country % Correct
Canada
100%
United States
100%
2.88°Mexico
99%
10.55°Chile
99%
28.32°Ecuador
98%
38.66°Peru
98%
36.95°Panama
98%
27.78°Guatemala
97%
34.05°Costa Rica
96%
32.31°Nicaragua
96%
30.76°Belize
96%
30.64°Honduras
96%
29.87°El Salvador
96%
40.98°Colombia
94%
35.04°Cuba
89%
45.52°Haiti
87%
41.63°Jamaica
85%
40.69°Bahamas
71%
30.19°Kiribati
42%
37.32°Cook Islands
32%

Score Distribution

Percentile by Number Answered

Percent of People with Each Score

Your Score History

You have not taken this quiz